GENERAL IN HIS LABYRINTH (Record no. 22714)

MARC details
000 -LEADER
fixed length control field 00333nam a2200133Ia 4500
008 - FIXED-LENGTH DATA ELEMENTS--GENERAL INFORMATION
fixed length control field 240624s9999 xx 000 0 und d
041 ## - LANGUAGE CODE
Language code of text/sound track or separate title eng
082 ## - DEWEY DECIMAL CLASSIFICATION NUMBER
Classification number 823 MAR
100 ## - MAIN ENTRY--PERSONAL NAME
Personal name MARQUES GABRIEL GARCIA
245 ## - TITLE STATEMENT
Title GENERAL IN HIS LABYRINTH
260 ## - PUBLICATION, DISTRIBUTION, ETC.
Date of publication, distribution, etc. 1990
Place of publication, distribution, etc. New York
Name of publisher, distributor, etc. Penguin Books
300 ## - PHYSICAL DESCRIPTION
Extent 285 : p. : cm. ; 20
365 ## - TRADE PRICE
Currency code RS
Holdings
Withdrawn status Lost status Damaged status Not for loan Home library Current library Shelving location Date acquired Cost, normal purchase price Total Checkouts Full call number Barcode Date due Date last seen Date last checked out Copy number Price effective from Koha item type
        IMTN IMTN Rack 39-B 04/30/2014 248.00 1 823 MAR 22714 01/26/2026 01/16/2026 01/16/2026 1 06/24/2024 Books
Designed & Maintained by: LRC IMT Nagpur Contact: lrc@imtnag.ac.in© 2024. All Rights Reserved.